| 000 | 00448nab a2200145Ia 4500 | ||
|---|---|---|---|
| 003 | ES-SlBCS | ||
| 005 | 20210601131745.0 | ||
| 008 | 140529s1935 xxu||||| |||| 00| 0 fre d | ||
| 041 | _afre | ||
| 100 | 1 |
_aTolédano, André D. _9188527 |
|
| 245 | 0 | 0 |
_aChronique de politique étrangère _c André D. Tolédano |
| 650 | 0 | 4 |
_aPolítica Extranjera _9172285 |
| 773 | 0 |
_tVie Intelectuelle (La) _gvol. 39, nº. 2, 1935, págs. 292-297 _wRev907 |
|
| 942 | _cAR | ||
| 999 |
_c568288 _d568288 |
||